[Event "ITA-ch U20 2017"]
[Site "Cosenza"]
[Date "2017.12.04"]
[Round "2"]
[White "Barp, Alberto"]
[Black "Di Benedetto, Edoardo"]
[Result "0-1"]
[WhiteElo "2281"]
[BlackElo "2217"]
[Annotator "NA"]
[PlyCount "132"]
[EventDate "2017.??.??"]
[EventType "tourn"]
[EventCountry "ITA"]
[SourceTitle "playchess.com"]
[Source "ChessBase"]
[SourceQuality "1"]
[TimeControl "40/6000+30:20/3000+30:900+30"]

1. d4 d5 2. c4 e6 3. Nf3 Nf6 4. g3 Bb4+ 5. Bd2 {E01: Catalan: Early deviations} Bd6 (5... Be7 6. Bg2 O-O 7. O-O Nbd7 8. Bc3 b6 9. cxd5 Nxd5 10. e4 Nxc3 11. Nxc3 Bb7 12. Re1 Re8 13. Qc2 c6 14. Rad1 Qc7 15. e5 Rad8 {0-1 (72) Ding,L (2774)-Carlsen,M (2837) Saint Louis 2017}) 6. Qc2 O-O 7. Nc3 c6 {LiveBook: 5 Games} 8. b3 Nbd7 9. Bf4 $146 ({Predecessor:} 9. Bg2 Re8 10. O-O dxc4 11. bxc4 e5 {1-0 (55) Garcia,J (2405)-Tong,T (2126) Ho Chi Minh City 2012}) 9... Bxf4 10. gxf4 Qa5 11. Bg2 Ne4 12. Rc1 f5 13. O-O h6 14. e3 b6 15. Qb2 Qb4 16. a3 Qe7 17. b4 Ba6 18. b5 cxb5 19. cxb5 Bb7 20. Na2 Rac8 21. Nb4 Nd6 22. Nc6 Bxc6 23. bxc6 Nb8 24. Ne5 Kh7 25. Qb4 Rc7 26. Rc2 Rfc8 27. Rfc1 g5 28. fxg5 hxg5 29. f4 g4 30. h3 gxh3 (30... g3 $14) 31. Bxh3 Rg8+ 32. Kh1 Na6 $2 (32... Rg7 $16 {is more resistant.}) 33. Qa4 Ne4 34. Bxf5+ ({Weaker is} 34. Qxa6 Qh4 $14) 34... exf5 35. Rh2+ Kg7 {[#]} 36. Rg1+ $1 ({Much less strong is} 36. Qxa6 $6 Kf8 $18) 36... Kf8 37. Rxg8+ Kxg8 38. Rg2+ Kh7 {[#]} 39. Rh2+ ({Don't play} 39. Qxa6 $6 Qh4+ 40. Kg1 Qe1+ 41. Qf1 Qxe3+ 42. Kh2 Kh8 $11) (39. Qc2 $1 $16) 39... Kg8 40. Qxa6 Qd8 41. Rg2+ Kh7 42. Rh2+ $2 (42. Kg1 $18 Qh4 43. Qf1) 42... Kg8 43. Kg1 Rg7+ 44. Kf1 $18 Nd6 45. Qa4 Ne4 46. Qb5 Ng3+ 47. Ke1 Ne4 48. Qf1 b5 49. Qd3 Rg1+ 50. Ke2 Qa5 51. Nf3 Ra1 52. Qb3 b4 53. Rg2+ Kh8 54. Rh2+ Kg7 55. Rg2+ Kf6 56. Ne5 Qb5+ 57. Qd3 Qxd3+ 58. Nxd3 Ra2+ 59. Kf3 Rxg2 60. Kxg2 bxa3 61. c7 Nd6 62. Nb4 Ke6 63. Kf2 a5 64. Na2 Kd7 65. Ke2 Kxc7 66. Kd3 Kc6 0-1

[Event "ITA-ch U20 2017"]
[Site "Cosenza"]
[Date "2017.12.04"]
[Round "2"]
[White "Formento, Paolo"]
[Black "Carnicelli, Valerio"]
[Result "0-1"]
[WhiteElo "2279"]
[BlackElo "2280"]
[Annotator "NA"]
[PlyCount "80"]
[EventDate "2017.??.??"]
[EventType "tourn"]
[EventCountry "ITA"]
[SourceTitle "playchess.com"]
[Source "ChessBase"]
[SourceQuality "1"]
[TimeControl "40/6000+30:20/3000+30:900+30"]

1. Nf3 Nf6 2. c4 g6 3. Nc3 Bg7 4. e4 d6 5. d4 O-O 6. Be2 Na6 {LiveBook: 2348 Games} 7. O-O e5 8. d5 Nc5 9. Qc2 a5 10. b3 Nh5 11. Bg5 {E94: King's Indian: Classical: 6 Be2 e5 7 0-0: Various Black 7th moves} f6 12. Be3 Nf4 13. Rad1 Nxe2+ $146 ({Predecessor:} 13... f5 14. Bxc5 dxc5 15. Bd3 Ra6 16. Rde1 Re8 17. Re3 Qd7 18. Rd1 Nxg2 19. Kxg2 {0-1 (27) Henley,R (2505)-Brooks,M (2385) New York 1989}) 14. Qxe2 b6 15. Nd2 f5 16. f3 f4 17. Bf2 h5 18. a3 Bd7 19. Rb1 Qe7 20. Rfc1 g5 21. b4 axb4 22. axb4 Na6 23. Nb5 g4 24. c5 ({White should play} 24. Ra1 $16) 24... bxc5 25. bxc5 g3 26. hxg3 fxg3 27. Bxg3 Bxb5 28. Rxb5 Nxc5 29. Bf2 Bh6 30. Bxc5 dxc5 31. Rbxc5 Ra7 (31... Bf4 $1 $11) 32. R1c2 Bf4 33. Nf1 Ra1 $1 34. Qf2 Qg5 35. R5c3 Rb8 36. Rb2 ({Don't go for} 36. Rxc7 $2 Be3 $19) 36... Rba8 37. d6 cxd6 38. Rcb3 $11 h4 39. Rb8+ Rxb8 40. Rxb8+ Kh7 0-1

[Event "ITA-ch U20 2017"]
[Site "Cosenza"]
[Date "2017.12.04"]
[Round "2"]
[White "Montilli, Vincenzo"]
[Black "Zamengo, Fulvio"]
[Result "0-1"]
[WhiteElo "2247"]
[BlackElo "2310"]
[Annotator "TA"]
[PlyCount "88"]
[EventDate "2017.??.??"]
[EventType "tourn"]
[EventCountry "ITA"]
[SourceTitle "playchess.com"]
[Source "ChessBase"]
[SourceQuality "1"]

{[%evp 17,88,4,33,27,29,0,0,0,11,0,8,8,8,0,25,12,10,16,16,7,17,0,0,0,21,0,12,15,95,45,58,47,97,112,93,30,64,64,58,28,41,6,16,0,0,0,0,0,12,-238,-219,-191,-173,-344,-305,-483,-479,-2699,-1872,-29977,-5076,-29984,-29985,-29985,-29985,-12838,-12839,-1583,-1548,-1545,-1149,-1152,-1114]} 1. c4 g6 2. Nf3 Bg7 3. g3 c5 4. Bg2 Nc6 5. Nc3 d6 6. O-O Nh6 7. d4 cxd4 {A37: Symmetrical English vs ...g6: 4 Bg2 Bg7 5 Nf3} 8. Bxh6 Bxh6 9. Nxd4 Ne5 {LiveBook: 5 Games. The position is equal.} (9... Nxd4 10. Qxd4 O-O 11. Rfd1 Bg7 12. Qd2 Rb8 13. c5 Bg4 14. h3 Be6 15. Qe3 Bxc3 16. Qxc3 {1-0 (39) Navara,D (2708)-Babula,V (2584) Brno 2013}) 10. b3 O-O 11. Qc2 Rb8 $1 12. e3 $146 ({Predecessor:} 12. Rad1 Bd7 13. Nd5 Bg7 14. Qd2 a6 15. a4 {½-½ (54) Carvalho,G (2244)-Dos Santos,R (2453) Montevideo 2011}) 12... Bd7 13. Rfd1 Bg7 14. Rac1 Re8 15. h3 Qc8 16. Kh2 Nc6 17. Nd5 Nxd4 18. exd4 Bh6 19. f4 $36 {[%mdl 2048] White has good play.} Bg7 20. Qf2 Bc6 21. a4 b6 22. Rc2 a6 (22... Bxd5 $11 23. Bxd5 (23. cxd5 Qa6 $11) 23... e6) 23. Nb4 Bxg2 24. Qxg2 e5 25. fxe5 $1 dxe5 {[#]} 26. Nc6 (26. d5 $1 $16) 26... Ra8 27. d5 {Threatens to win with a5.} e4 28. Re2 f5 29. g4 Kh8 30. Rf1 Qd7 31. gxf5 gxf5 32. Qf2 Rf8 33. Qxb6 $2 (33. Qf4 $11) 33... Qd6+ $19 34. Kh1 Rae8 {[%mdl 1024] Black has strong compensation.} 35. Rg2 $2 {[#]} (35. Qf2 {was called for.} Qh6 36. Qf4 Qxh3+ 37. Rh2 Qxb3 38. Qg5) 35... Qh6 $1 36. Qg1 ({But not} 36. Qxa6 $2 Qxh3+ 37. Kg1 Bh6 $19) (36. Qc7 $142 f4 37. Qxg7+ Qxg7 38. Rxg7 Kxg7 39. Nd4) 36... f4 37. Qh2 (37. Rff2 $142 f3 38. Rg3) 37... f3 38. Rgg1 e3 39. d6 f2 40. Ne7 fxg1=Q+ 41. Rxg1 {[#]} e2 $1 {Black is clearly winning.} 42. Qxe2 Qxh3+ 43. Qh2 Qxh2+ 44. Kxh2 Be5+ {Precision: White = 29%, Black = 55%.} 0-1

[Event "ITA-ch U20 2017"]
[Site "Cosenza"]
[Date "2017.12.04"]
[Round "2"]
[White "Belli, Giorgio"]
[Black "Lodici, Lorenzo"]
[Result "0-1"]
[WhiteElo "2241"]
[BlackElo "2421"]
[Annotator "TA"]
[PlyCount "72"]
[EventDate "2017.??.??"]
[EventType "tourn"]
[EventCountry "ITA"]
[SourceTitle "playchess.com"]
[Source "ChessBase"]
[SourceQuality "1"]

{[%evp 11,72,10,16,-46,-18,-35,-29,-126,-116,-112,-117,-139,-140,-147,-144,-183,-168,-169,-169,-169,-170,-170,-170,-170,-170,-170,-164,-166,-170,-168,-176,-172,-164,-164,-151,-156,-156,-168,-153,-150,-151,-171,-170,-179,-165,-188,-139,-176,-191,-173,-142,-186,-179,-215,-177,-208,-210,-281,-295,-775,-493,-678,-477]} 1. e4 e5 2. Nf3 Nc6 3. Bc4 Nf6 4. d4 exd4 5. e5 Ne4 6. Qe2 Nc5 $1 {LiveBook: 48 Games} (6... Bb4+ $6 7. Kd1 $16) 7. Nbd2 {C56: Two Knights: 4 d4 exd4 5 0-0 Nxe4} (7. O-O $11) (7. O-O Be7 8. Rd1 d6 9. exd6 Qxd6 10. b4 Ne6 11. b5 Na5 12. Ba3 Qd7 13. Bxe6 Qxe6 14. Qd3 Qg6 15. Qxd4 {1-0 (57) Jones,G (2668)-Batsiashvili,N (2472) Douglas 2017}) 7... Ne6 $146 ({Predecessor:} 7... Be7 8. Ne4 O-O 9. O-O d5 10. exd6 Bxd6 11. Nxc5 Bxc5 12. Ng5 Be7 13. Qh5 Bxg5 14. Bxg5 Qd6 {½-½ (45) Vevera,R (2077)-Kaplan,D (2130) Rakovnik 2015}) 8. Qe4 d6 9. Bb5 (9. O-O $11 {remains equal.}) 9... Bd7 10. exd6 Bxd6 11. O-O O-O 12. Nb3 Re8 {Hoping for ...Nf4.} 13. Qe2 Qf6 {White must now prevent ...Nf4.} 14. Qd1 Rad8 15. Re1 Ne5 16. Bxd7 Nxf3+ 17. Qxf3 Qxf3 ({Much less strong is} 17... Rxd7 18. Qxb7 Red8 19. Bd2 $15) 18. gxf3 Rxd7 19. Nxd4 {[#]} Bxh2+ $1 {[%mdl 512]} 20. Kxh2 {Nxe6 is the strong threat.} Rxd4 21. Be3 Rdd8 22. a4 a5 23. Kg3 f6 24. c3 Kf7 25. Rh1 Kg6 26. Ra3 Rd5 27. Rb3 b6 28. c4 Rf5 29. Rd3 {[#]} Nc5 $1 {[%cal Rc5d3]} 30. Rd4 h6 (30... Nxa4 31. Rg4+ Kf7 32. Rxh7 $17) 31. Rhd1 Re7 ({But not} 31... Nxa4 32. Rg4+ Kh7 33. Rd7 $17) 32. b3 Kf7 33. Rd5 Rxd5 34. Rxd5 Rd7 ({Not} 34... Nxb3 35. Rd3 $17) 35. b4 $2 (35. Rxd7+ Nxd7 36. f4) 35... Rxd5 36. cxd5 Nxa4 {Precision: White = 24%, Black = 83%.} 0-1

[Event "ITA-ch U20 2017"]
[Site "Cosenza"]
[Date "2017.12.07"]
[Round "4"]
[White "Barp, Alberto"]
[Black "Zamengo, Fulvio"]
[Result "0-1"]
[WhiteElo "2281"]
[BlackElo "2310"]
[Annotator "TA"]
[PlyCount "100"]
[EventDate "2017.??.??"]
[EventType "tourn"]
[EventCountry "ITA"]
[SourceTitle "playchess.com"]
[Source "ChessBase"]
[SourceQuality "1"]

{[%evp 16,100,15,0,40,29,53,34,93,93,83,81,100,74,107,93,102,102,89,60,50,61,60,0,0,0,0,-27,0,0,0,0,13,4,12,13,32,23,32,44,18,0,0,-272,-272,-272,-270,-275,-275,-275,-275,-277,-277,-291,-284,-279,-277,-283,-274,-293,-291,-415,-420,-422,-422,-422,-422,-422,-422,-422,-411,-396,-396,-1164,-396,-580,-541,-1237,-1196,-1134,-356,-6279,-6199,-5385,-5273,-5214,-2225]} 1. d4 Nf6 2. c4 g6 3. Nc3 d5 4. Bf4 Bg7 5. e3 O-O 6. Rc1 Be6 {D83: Grünfeld: 4 Bf4 Bg7 5 e3 0-0} 7. c5 c6 8. Bd3 Bc8 9. b4 {LiveBook: 3 Games} (9. Bg3 b6 10. b4 Nh5 11. Bh4 a5 12. cxb6 axb4 13. Na4 Nd7 14. Rxc6 {½-½ (31) Wojtaszek,R (2750)-Nepomniachtchi,I (2767) Wijk aan Zee 2017}) 9... b6 10. Nf3 $146 ({Predecessor:} 10. Nge2 Nfd7 11. O-O e5 12. Bg3 a5 13. b5 bxc5 14. bxc6 Nxc6 15. Nxd5 {½-½ (30) Karner,C (2339)-Kreisl,R (2408) Austria 2014}) 10... a5 11. Na4 Nbd7 (11... bxc5 $14 12. bxc5 Nbd7) 12. b5 $16 cxb5 13. Bxb5 bxc5 14. dxc5 {Black must now prevent c6.} Ba6 15. Qe2 Bxb5 16. Qxb5 {And now c6 would win.} Nh5 17. c6 Nxf4 18. exf4 Qc7 $1 19. Qxd5 (19. O-O $1 $14 Nf6 20. Nb6) 19... Nb8 $11 20. O-O Ra6 21. Rc4 e6 22. Qb5 Rxc6 23. Rfc1 {[%cal Rc4c6]} Rxc4 24. Rxc4 Qd8 25. g3 Nd7 {[%cal Bb8d7,Bd7f6,Bf6d5][%mdl 32]} 26. Kg2 Nf6 27. Nb6 Qd3 28. Qxa5 Nd5 {aiming for ...Nxb6.} 29. Ne1 $2 {[%mdl 8192]} (29. Rc1 $1 $11 {and White is okay.}) 29... Qe2 $19 {( -> ...Ne3+)} 30. Nxd5 Qxc4 31. Ne3 Qc6+ 32. Nf3 Ra8 33. Qd2 Ra3 34. Qb4 Rxa2 35. Qb8+ Bf8 36. Ng4 Ra8 37. Qe5 {If only White now had time for Nf6+....} Bg7 38. Qg5 {[#]} (38. Qe1 {was called for.}) 38... h6 $1 {[%cal Bh7h6,Bh6h5][%mdl 32]} 39. Qh4 (39. Nxh6+ Bxh6) 39... h5 40. Nge5 Qd5 41. Qe7 Bxe5 $1 42. fxe5 {[%mdl 4096] Endgame KQR-KQN} Rb8 43. Qf6 Rb3 44. Qf4 $2 (44. h3) 44... Rd3 $2 (44... Qb7 45. Qf6 Qd5) 45. Qf6 (45. h3 {only move.}) 45... Qe4 46. h4 Qb7 47. Qf4 Kg7 $2 (47... Kh7 48. g4 {[#]} g5 $1 {[%mdl 512]} 49. Qxf7+ Qxf7 50. Nxg5+ Kg8 51. Nxf7 Kxf7 52. gxh5 Kg7) 48. Qf6+ $2 (48. g4 hxg4 49. Qxg4) 48... Kh7 {Black is clearly winning.} 49. Qf4 f5 50. exf6 {[#]} e5 $1 {[%mdl 512] Precision: White = 50%, Black = 64%.} 0-1

[Event "ITA-ch U20 2017"]
[Site "Cosenza"]
[Date "2017.12.07"]
[Round "4"]
[White "Formento, Paolo"]
[Black "Lodici, Lorenzo"]
[Result "0-1"]
[WhiteElo "2279"]
[BlackElo "2421"]
[Annotator "TA"]
[PlyCount "120"]
[EventDate "2017.??.??"]
[EventType "tourn"]
[EventCountry "ITA"]
[SourceTitle "playchess.com"]
[Source "ChessBase"]
[SourceQuality "1"]

{[%evp 22,120,-16,-19,-8,-20,0,-8,0,-18,-18,-18,-18,-18,-18,-22,-22,-22,-21,-21,-13,-14,-14,-14,-21,-9,0,0,0,0,0,0,0,0,0,0,0,0,0,0,0,-6,0,0,0,0,0,0,0,0,0,-42,-41,-106,-106,-101,-104,-142,-113,-103,0,-152,-126,-145,-74,-482,-474,-594,-587,-852,-727,-1126,-1108,-871,-851,-1062,-1008,-4995,-4504,-29967,-29969,-29969,-29969,-29970,-29971,-29973,-29972,-29972,-29975,-29979,-29980,-29978,-29978,-29976,-29979,-29979,-29980,-29977,-29977,-29976,-29968]} 1. Nf3 d5 2. c4 d4 3. e3 Nc6 4. exd4 Nxd4 5. Nxd4 Qxd4 6. Nc3 c6 7. d3 {[%cal Bd2d3,Bd3d4,Bd4d5][%mdl 32]} Nh6 {[%cal Bg8h6,Bh6f5,Bf5e3][%mdl 32] A09: Reti-Eröffnung} 8. Be3 (8. Be2 g6 9. h3 Bg7 10. g4 f5 11. Be3 Qd6 12. Qd2 Nf7 13. O-O-O O-O 14. f4 b5 15. d4 bxc4 16. Bxc4 {0-1 (28) Anand,V (2793)-Kramnik,V (2769) London 2014}) 8... Qd8 9. d4 g6 10. Qd2 Nf5 11. Be2 Bg7 12. Rd1 {LiveBook: 17 Partien} O-O 13. O-O Qa5 14. d5 {[#]} Rd8 $146 (14... cxd5 {keeps more tension.} 15. Nxd5 Qxa2 16. Bc5 Be6 17. Nc7 Rac8) ({Vorgänger:} 14... Nxe3 15. Qxe3 {½-½ (27) Beliavsky,A (2632)-Leitao,R (2624) Khanty-Mansiysk 2010}) 15. g4 (15. Rfe1 {is more complex.} Bd7 16. Bf4 cxd5 17. Nxd5 Qxd2 18. Rxd2 Bc6 19. Red1) 15... Nxe3 16. Qxe3 Bxc3 17. bxc3 cxd5 18. cxd5 Rxd5 19. Rxd5 Qxd5 20. Rd1 Qa5 {Schwarz will ...Le6 spielen.} 21. Qxe7 Be6 22. Qxb7 Rc8 23. Qe7 Qxa2 24. Rd8+ Rxd8 25. Qxd8+ Kg7 26. Qd4+ f6 27. Bf3 g5 28. Qc5 a6 29. Qc7+ Bf7 30. Kg2 Qc4 31. Qb6 Qd3 32. Qc7 Qb5 33. h3 Qd3 34. Qa7 Qb5 35. Bb7 a5 36. c4 Qd7 37. Qa8 (37. Qb6 $1 $15) 37... Bxc4 $17 38. Bc6 {[#]} Qc7 $1 39. Qe8 Bf7 40. Qa8 Bc4 41. Qe8 $1 {[#]} Qa7 $1 42. Qe4 Qc5 (42... Bb3 $142 {Weiss muss nun ...a4 beachten.} 43. Ba4 Bxa4 44. Qxa4 Qa8+ 45. Kg1 Qd5) 43. f3 $2 {[%mdl 8192]} (43. Qe8 $17 {nur so!}) 43... Bf7 $19 44. Ba4 Qc4 45. Qxc4 Bxc4 {[%mdl 4096] Endspiel KL-KL} 46. f4 Bd5+ 47. Kg3 Kf7 48. h4 h6 49. hxg5 hxg5 50. fxg5 fxg5 {Schwarz setzt Matt.} 51. Kf2 Ke6 52. Ke3 Ke5 53. Kd3 Bf3 54. Bd7 Kf4 55. Kc4 Bxg4 56. Bc6 Be2+ 57. Kc3 g4 {[%cal Bg5g4,Bg4g3][%mdl 32]} 58. Kd2 Bf3 59. Bd7 g3 60. Bh3 a4 {Precision: Weiß = 43%, Schwarz = 76%.} 0-1

[Event "ITA-ch U20 2017"]
[Site "Cosenza"]
[Date "2017.12.07"]
[Round "4"]
[White "Belli, Giorgio"]
[Black "Montilli, Vincenzo"]
[Result "1/2-1/2"]
[WhiteElo "2241"]
[BlackElo "2247"]
[Annotator "TA"]
[PlyCount "38"]
[EventDate "2017.??.??"]
[EventType "tourn"]
[EventCountry "ITA"]
[SourceTitle "playchess.com"]
[Source "ChessBase"]
[SourceQuality "1"]

{[%evp 19,38,10,15,24,16,22,27,2,13,0,59,60,96,41,108,37,322,40,160,0,13]} 1. e4 {[%cal Be2e4,Be4e5][%mdl 32]} e6 2. d4 d5 3. Nc3 Nf6 4. e5 Nfd7 5. f4 c5 6. Nf3 Be7 {C11: French: Classical System: 4 e5 and 4 Bg5 dxe4} 7. Be3 O-O 8. Qd2 b6 9. Nd1 a5 10. c3 a4 {LiveBook: 14 Games} 11. Bd3 Ba6 12. O-O Nc6 13. Nf2 $146 ({Predecessor:} 13. Bxa6 Rxa6 14. f5 {0-1 (36) Giri,A (2790)-Harikrishna,P (2763) Stavanger 2016}) 13... Qc7 14. f5 Bxd3 (14... exf5 $11 15. Bxa6 Rxa6) 15. Nxd3 $14 Rfe8 16. Qf2 (16. fxe6 $16 fxe6 17. Qe1) 16... cxd4 (16... exf5 $14 17. Nf4 Qb7) 17. cxd4 (17. fxe6 $16 fxe6 18. cxd4 (18. Nxd4 Ncxe5 19. Nxe6 Qd6 $14)) 17... Nf8 $2 {[%mdl 8192] [#]} ({Better is} 17... exf5 $14 18. Nd2 Nb4) 18. Nf4 $2 (18. f6 $1 $18 {[%mdl 512]}) 18... Qd7 {[#]} (18... exf5 $14 19. Nxd5 Qd8) 19. fxe6 (19. f6 $1 $16) 19... Nxe6 {Precision: White = 36%, Black =  2%.} 1/2-1/2

[Event "ITA-ch U20 2017"]
[Site "Cosenza"]
[Date "2017.12.07"]
[Round "4"]
[White "Di Benedetto, Edoardo"]
[Black "Carnicelli, Valerio"]
[Result "1/2-1/2"]
[WhiteElo "2217"]
[BlackElo "2280"]
[Annotator "TA"]
[PlyCount "33"]
[EventDate "2017.??.??"]
[EventType "tourn"]
[EventCountry "ITA"]
[SourceTitle "playchess.com"]
[Source "ChessBase"]
[SourceQuality "1"]

{[%evp 23,33,0,0,0,0,0,0,0,0,0,0,0]} 1. e4 e6 2. d4 d5 3. Nc3 Nf6 4. Bg5 Be7 5. e5 Nfd7 6. Bxe7 Qxe7 7. Nb5 Nb6 8. a4 {[%cal Ba2a4,Ba4a5][%mdl 32] C14: French: Classical System: 4 Bg5 Be7 main line} a6 9. a5 axb5 10. axb6 Rxa1 11. Qxa1 c6 12. Qa8 Qb4+ {LiveBook: 3 Games. The position is equal.} 13. c3 Qxb2 14. Ne2 b4 {[#]} 15. cxb4 $146 {f4 is the strong threat.} ({Predecessor:} 15. Qxb8 O-O 16. cxb4 Qxb4+ {½-½ (31) Ljubojevic,L (2625)-Kortschnoj,V (2630) Belgrade 1987}) 15... Qxb4+ 16. Kd1 Qb3+ 17. Kd2 1/2-1/2

[Event "ITA-ch U20 2017"]
[Site "Cosenza"]
[Date "2017.12.08"]
[Round "5"]
[White "Lodici, Lorenzo"]
[Black "Barp, Alberto"]
[Result "1-0"]
[WhiteElo "2421"]
[BlackElo "2281"]
[Annotator "TA"]
[PlyCount "89"]
[EventDate "2017.??.??"]
[EventType "tourn"]
[EventCountry "ITA"]
[SourceTitle "playchess.com"]
[Source "ChessBase"]
[SourceQuality "1"]

{[%evp 11,89,3,13,13,23,18,34,26,37,21,35,0,19,2,18,-3,11,11,30,0,0,0,9,0,0,-28,-23,-32,-5,-16,-10,-75,-96,-93,0,0,16,20,52,52,54,54,65,50,45,42,51,14,145,48,56,49,44,39,37,22,16,11,45,23,113,104,113,106,106,104,107,99,105,112,334,334,334,330,330,330,319,312,305,260]} 1. Nf3 d5 2. e3 Nf6 3. c4 e6 4. b3 Be7 5. Bb2 O-O 6. Nc3 b6 7. cxd5 {A13: English Opening: 1...e6} exd5 8. d4 Bf5 $146 ({Predecessor:} 8... Bb7 9. Bd3 a6 10. O-O Nbd7 11. Ne5 Bd6 12. Ne2 Re8 13. f4 Ne4 14. Ng3 Nf8 15. Nxe4 dxe4 16. Bc4 Re7 17. Qh5 g6 18. Qh6 Bxe5 19. dxe5 b5 20. Rad1 Qe8 {1-0 (43) Nakamura,H (2780)-Topalov,V (2749) Saint Louis 2017}) 9. Be2 {White is slightly better.} c6 10. Ne5 {[%cal Bf3e5,Be5d3,Bd3f4][%mdl 32]} Nfd7 11. Nd3 Bd6 12. O-O Qe7 13. Nf4 Nf6 14. Rc1 h6 15. Nb1 Rc8 16. Nd2 Nbd7 17. Nf3 Rc7 18. Ba6 Re8 19. Re1 Ne4 20. Bf1 Ng5 21. Nxg5 (21. Nd3 $11) 21... hxg5 $17 22. Nh5 g6 (22... g4 $17 23. e4 dxe4) 23. Ng3 $11 Bxg3 24. hxg3 {With the idea e4!} g4 25. e4 $1 {[%cal Re4f5]} dxe4 26. d5 {Hoping for d6.} Qd6 27. dxc6 Qxd1 28. Rexd1 Nc5 29. Ba3 (29. Rd6 {keeps more tension.} Nd3 30. Bxd3 exd3 31. f3 f6 32. Bxf6 Re6 33. Rxe6 Bxe6 34. Be5) 29... Re6 {[#]} ({Much worse is} 29... e3 $6 30. fxe3 (30. Bxc5 bxc5 31. fxe3 Rxe3 $16) 30... Rxe3 31. Rd6 $16 (31. Bxc5 bxc5 32. Rxc5 Kg7 $16)) (29... Nd3 $1 $11 {remains equal.}) 30. Bxc5 (30. Bc4 $1 $16 {[%cal Rc4e6]} Re8 31. Bxc5 bxc5 32. Rd5) 30... bxc5 $14 31. Bb5 a6 32. Ba4 Re5 $1 33. Rc3 Be6 34. Kf1 $36 {[%mdl 2048] Black is under pressure.} c4 35. Ke2 (35. Rd7 $5 {[%cal Rd7c7]} Rc8 36. Ra7 $11 (36. bxc4 Ra5 $17)) 35... f5 {[#]} (35... Kf8 $11) 36. Rd7 $1 $16 {[%cal Rd7c7]} ({But not} 36. bxc4 $6 Ra5 $11) 36... Bxd7 37. cxd7 Rd5 {Threatens to win with ...Kf8.} 38. Rxc4 Rcxd7 39. Bxd7 Rxd7 {[%mdl 4096] Endgame KR-KR} 40. Rc6 Ra7 $2 (40... Kf7 $16 {was called for.}) 41. Rxg6+ $18 {White has a decisive advantage.} Kf7 42. Rh6 {aiming for Rh7+.} Kg7 43. Rb6 a5 44. a4 Rc7 45. Rb5 {Precision: White = 42%, Black = 43%.} 1-0

[Event "ITA-ch U20 2017"]
[Site "Cosenza"]
[Date "2017.12.08"]
[Round "5"]
[White "Zamengo, Fulvio"]
[Black "Di Benedetto, Edoardo"]
[Result "1-0"]
[WhiteElo "2310"]
[BlackElo "2217"]
[Annotator "TA"]
[PlyCount "91"]
[EventDate "2017.??.??"]
[EventType "tourn"]
[EventCountry "ITA"]
[SourceTitle "playchess.com"]
[Source "ChessBase"]
[SourceQuality "1"]

{[%evp 16,91,15,0,0,0,0,0,0,1,0,0,0,0,1,-8,25,2,13,0,0,-43,10,-40,-29,-43,-36,-80,-52,-99,-44,-81,-76,-92,-62,-108,-105,-83,-63,-103,-108,-107,-95,-100,-107,-102,-100,-111,-93,-192,-128,-118,-120,-143,-156,-229,-219,-240,-239,-327,-202,-210,-161,-219,-84,-93,-83,-85,-95,-95,752,620,776,779,1229,1196,29981,29982]} 1. e4 e6 2. d4 d5 3. Nc3 Nf6 4. e5 Nfd7 5. f4 c5 6. Nf3 Nc6 7. Be3 a6 8. Qd2 b5 9. Bd3 b4 {C11: French: Classical System: 4 e5 and 4 Bg5 dxe4} 10. Na4 {[%cal Rd4c5,Bc3a4,Ba4b2,Bb2d1,Bd1e3][%mdl 32]} c4 11. Be2 c3 {The position is equal.} 12. Qd1 cxb2 13. Nxb2 Nb6 14. O-O {[#]} Na5 $146 ({Predecessor:} 14... Be7 15. Bd3 Bd7 16. Ng5 g6 17. Rf3 {½-½ (25) Nakamura,H (2729)-Wang,H (2727) Moscow 2010}) 15. Bd3 Qc7 16. Qe2 Nac4 17. Nd1 g6 18. Bc1 h5 (18... a5 $15) 19. f5 exf5 20. c3 a5 21. Bf4 Be6 22. Ne3 bxc3 ({Better is} 22... Na4 $17 23. Bxc4 dxc4 24. cxb4 Nc3) 23. Rfc1 Bb4 24. Nd1 Na3 {Hoping for ...0-0.} 25. Nxc3 Bxc3 26. Bd2 Na4 27. Bxc3 Nxc3 28. Qb2 Nc4 29. Qxc3 O-O 30. Qe1 Qe7 31. h4 Rfc8 32. Rd1 {[#]} (32. Rc2 $17) 32... Nb2 (32... Qa3 $1 $19 {...Nb2 is the strong threat.} 33. Bf1 Rab8) 33. Rd2 $17 Qa3 34. Qe2 Nc4 35. Bxc4 (35. Rc2 $17 {might work better.}) 35... dxc4 $19 {[%cal Bd5c4,Bc4c3][%mdl 32]} ({Resist} 35... Rxc4 36. Rb2 $17) 36. Ng5 c3 37. Rc2 Bd5 38. Rac1 Rc4 39. Qe3 (39. e6 $142 f6 40. Nh3) 39... Rac8 (39... Rc6 $19 {is more deadly.} 40. e6 Bxe6 41. Nxe6 Rxe6 42. Qxc3 Qd6) 40. e6 $17 Bxe6 41. Nxe6 fxe6 42. Qxe6+ Kg7 $2 {[%mdl 8192] [#]} (42... Kh7 $17 43. Rb1 R4c7) 43. Rb1 $1 $18 Qf8 {aiming for ...Qf7.} 44. Rb7+ Kh8 45. Rf7 Qh6 46. Re2 {Precision: White = 34%, Black = 39%.} 1-0

[Event "ITA-ch U20 2017"]
[Site "Cosenza"]
[Date "2017.12.08"]
[Round "5"]
[White "Carnicelli, Valerio"]
[Black "Belli, Giorgio"]
[Result "1-0"]
[WhiteElo "2280"]
[BlackElo "2241"]
[Annotator "TA"]
[PlyCount "41"]
[EventDate "2017.??.??"]
[EventType "tourn"]
[EventCountry "ITA"]
[SourceTitle "playchess.com"]
[Source "ChessBase"]
[SourceQuality "1"]

{[%evp 17,41,0,-10,-9,0,-22,22,0,0,-93,-107,-93,-94,-91,120,116,156,161,207,-185,216,210,445,426,470,452]} 1. e4 e5 2. Nf3 Nc6 3. d4 exd4 4. Nxd4 Bc5 5. Nf5 d5 6. Nxg7+ {C45: Scotch Game} Kf8 7. Nh5 Qh4 8. Ng3 Nf6 9. Be2 dxe4 {LiveBook: 7 Games. Black wants to play ...Be6.} 10. Be3 (10. Nc3 Be6 11. O-O Ne5 12. Qe1 Rg8 {½-½ (12) Genocchio,D (2433)-Godena,M (2549) Siena 2010}) 10... Bxe3 11. fxe3 Qg5 12. O-O h5 {[%cal Bh7h5,Bh5h4][%mdl 32] Threatens to win with ...h4.} 13. Rf4 (13. Nc3 $11 {keeps the balance.}) 13... h4 $1 $17 {[%cal Rh4g3]} 14. Nxe4 Nxe4 15. Rxe4 Bf5 $146 (15... Rg8 $1 $17 {[%csl Gg8][%cal Rg5g2] keeps the pressure on.} 16. Bf1 Bg4) 16. Rf4 $1 $16 Rg8 {[%csl Gg8][%cal Rg5g2] [#]} 17. Qf1 $1 ({Much weaker is} 17. Qd5 $6 Rd8 $11) 17... Bh3 {[%cal Rg5g2]} 18. Rxf7+ Ke8 19. Rf2 {Bc4 is the strong threat.} Qxe3 $2 {[#]} (19... Ke7 20. Kh1 Be6) 20. Kh1 $1 $18 Be6 21. Nc3 {Precision: White = 81%, Black = 45%.} 1-0